| 000 | 00447nam a2200097Ia 4500 | ||
|---|---|---|---|
| 008 | 180130s9999 xx 000 0 und d | ||
| 245 |
_cTortora, Giuseppe; Ranzani, Tommaso; De Falco, Iris; Dario, Paolo; Menciassi, Arianna _aA miniature robot for retraction tasks under advanced computer architecture |
||
| 260 | _c2015 | ||
| 300 | _aBook title: Advanced computer architectures--Acession number C20541; pages 199-214 | ||
| 650 | _aCOMPUTER ARCHITECTURE | ||
| 999 |
_c354084 _d354084 |
||